[Event "EU-chT (Men) 11th"]
[Site "Pula"]
[Date "1997.05.??"]
[Round "7.1"]
[White "Bareev, Evgeny"]
[Black "Alterman, Boris"]
[Result "1/2-1/2"]
[WhiteElo "2665"]
[BlackElo "2595"]
[Annotator "Alterman,B"]
[PlyCount "67"]
[EventDate "1997.05.05"]
[EventType "team-swiss"]
[EventRounds "9"]
[EventCountry "CRO"]
[SourceTitle "CBM 057 Extra"]
[Source "ChessBase"]
[SourceDate "1997.05.01"]
[SourceVersion "1"]
[SourceVersionDate "1997.05.01"]
[SourceQuality "1"]
[WhiteTeam "Russia"]
[BlackTeam "Israel"]
[WhiteTeamCountry "RUS"]
[BlackTeamCountry "ISR"]

1. Nf3 {Ribli} c5 2. c4 Nc6 3. Nc3 Nf6 4. g3 d5 5. d4 {[#] Tal's Idee.} cxd4 (
5... dxc4 $2 {Ribli} 6. d5 {[#]} Na5 7. e4 b5 8. Nxb5 Nxe4 9. Ne5 $1 Bd7 10.
Nxd7 Qxd7 11. Qa4 Rb8 12. Nc7+ Kd8 13. Ne6+ fxe6 14. Qxa5+ $16 {Tal,M-Timman,J/
Hilversum m/1988/INF46,60/}) (5... e6 {Ribli} 6. cxd5 Nxd5 7. Bg2 {D 41}) 6.
Nxd4 dxc4 7. Nxc6 Qxd1+ 8. Nxd1 bxc6 9. Bg2 Nd5 10. Ne3 e6 (10... Ba6 {Ribli}
11. Nxd5 cxd5 12. Bxd5 Rc8 13. Bd2 {[%csl Rc4] Das ist die andere Variante,
aber mit folgendem Bd2-c3 hat Weiß einen kleinen aber dauerhaften Vorteil, da
der Pc4 ein ewiger Schwachpunkt ist.Ribli.}) 11. Nxc4 Ba6 12. b3 Bb4+ 13. Bd2
Ke7 {Dieser Abwartezug scheint mir logischer als der sofortige Tausch auf d2.
Ribli.} (13... Bxc4 $6 14. bxc4 Bxd2+ 15. Kxd2 Ne7 16. Rab1 O-O-O+ 17. Kc3 $14
{Greenfeld,A-Alterman,B/Haifa/1993/INF59(65)/}) (13... Bxd2+ 14. Nxd2 {[#]} Nb4
(14... Ke7 $2 15. Rc1 Rhc8 16. Ne4 Rab8 17. Nc5 Rb6 18. f4 {1-0 Smejkal,
J-Palkovi,J/BL9596 (59)}) 15. Be4 (15. Kd1 $5 {Ribli} Ke7 (15... Rb8 16. a3 Nd5
17. Rc1 Rb6 18. Bf3 Ke7 19. Rc5 Rc8 20. Kc1 Rb5 21. Rc2 c5 22. Kb2 Rb7 23. Rhc1
Rbc7 24. Ne4 c4 25. b4 Bb5 26. Nc3 {1-0 Gulko,B-Jelen,I/2nd op, Nova Gorica
SLO 1997 (39)}) 16. a3 Nd5 17. Rc1 (17. Ne4 $5) 17... Rac8 18. Ne4 c5 $1 $8 19.
Nxc5 Rhd8 20. Ke1 Nb6 21. f4 Nd7 {Gelfand,B-Leko,P/Vienna 1996/1/2-1/2 (59)})
15... Ke7 16. a3 Nd5 17. Rc1 Rhc8 18. f4 c5 19. Kf2 Rab8 $11 {Gulko,B-Topalov,
V/Novgorod/1995/CBM48/INF63,(39)/}) 14. Rc1 {Weiß hat eine gesunde
Bauernstruktur, aber die Schwäche des Pc6 wird durch gutes schwarzes
Figurenspiel kompensiert.Ribli.} Rhc8 {the other rook make go to b8 some time
that is way black has played Rhc8 the idea is maybe Rab8 and c5 [#]} (14...
Rac8 {Ribli} 15. Bxb4+ Nxb4 16. a3 Nd5 17. Na5 c5 18. O-O (18. Rc2 c4 19. Nxc4
Bxc4 20. Rxc4 Rxc4 21. bxc4 Nb6 {1/2-1/2 Wojtkiewicz,A-Schlosser,P/Regensburg
op 1996 (26)}) 18... Rhd8 19. Rc2 Rc7 20. Rfc1 Rdc8 21. e4 Nf6 22. f4 Bd3 23.
e5 Nd5 24. Rb2 c4 25. bxc4 {1-0 Kramnik,V-Hjartarson,J/EUCup Clichy 1995 (39)})
15. Bxb4+ {Erzwungen, da es für Weiß keinen anderen Weg gibt, seine Stellung
zu verbessern.Ribli.} Nxb4 16. a3 {Das bedeutet eine Schwächung des
Damenflügels, aber es gibt hier nichts besseres.Ribli.} (16. Na5 {Ribli} Nxa2
$1 17. Nxc6+ (17. Ra1 Nb4 18. Nxc6+ Rxc6 $1 19. Bxc6 Rc8 20. Rxa6 Nxa6 21. Bb7
Rc1+ 22. Kd2 Rxh1 23. Bxh1 $11) 17... Kf6 18. Rc2 {1/2-1/2 Yermolinsky,
A-Timman,J/Hoogovens 1997 and a draw was agreed since after 18...Bb7 the
position is a complete equal}) 16... Nd5 17. e4 Bxc4 (17... Nb6 18. Na5 c5 19.
f4 $14) 18. Rxc4 Nb6 19. Rc5 Nd7 20. Rc3 a5 21. Kd2 Ra6 {Der Turm strebt nach
b6, wo er zwei Funktionen erfüllt: zum einen verteidigt er die Schwäche c6,
zum anderen übt er Druck auf b3 aus.Ribli.} 22. Bf3 $6 $146 {Es ist
interessant, aber bis jetzt war alles noch Theorie. Im 22.Zug führt Weiß
seinen ersten eigenständigen Zug aus.Ribli.} (22. f4 f6 23. h4 (23. Bf1 $5)
23... Rb8 24. Bf1 Rab6 25. Kc2 a4 26. b4 c5 $5 27. b5 {1/2-1/2 Gelfand,
B-Kramnik,V/Belgrade Invest (02) ;CBM 51 1995} (27. bxc5 Rb2+ 28. Kd3 R8b3 $44)
) 22... Rb6 23. Bd1 c5 $1 {Normalerweise ist es besser, mit einem schwachen
Bauern soweit wie möglich hinten zu bleiben, aber hier bekommt Schwarz die
Kontrolle über das Feld d4.Ribli.} 24. Bc2 Rd6+ 25. Ke3 Rd4 {Schwarz hat nur
eine theoretische Bauernschwäche am Damenflügel. Ich finde nichts, wie Weiß
seine Stellung verbessern könnte.Ribli.} 26. Rc1 e5 27. Bd3 Kd6 28. h4 h6 (
28... f6 $1 29. h5 h6 30. f4 $6 (30. Bb5 Nb6 31. f4 Rc7 $11) 30... Re8 $1) (
28... h5 {Ribli Das Unterbinden des potentiellen weißen Raumgewinns durch
diesen Zug wäre ein kleiner positioneller Fehler, da der Gegner einen
weißfeldrigen Läufer besitzt.Ribli.}) 29. Bb5 Nb6 30. f4 f6 (30... exf4+ $2 {
Ribli} 31. gxf4 $14) 31. h5 (31. fxe5+ fxe5 32. Rf1 c4 33. Rf7 cxb3 34. Rxb3 a4
(34... Nc4+ 35. Bxc4 Rcxc4 36. Rxg7 Rxe4+ 37. Kf3 Re1) 35. Rd3 Rc5 36. Ba6 Ra5
37. Bb7 Nc4+ 38. Ke2 Rxd3 39. Kxd3 Nxa3 40. Rxg7 Ra7 41. Rg6+ Kc5 42. Bd5 Nb5
43. Rxh6 Rg7) 31... Rc7 {Verteidigt das Feld f7 gegen das später einmal
mögliche Eindringen des Turmes.Ribli.} 32. fxe5+ fxe5 33. Rf1 a4 34. bxa4 (34.
bxa4 {Ribli} Nxa4 $11) 1/2-1/2

[Event "Sufe Cup"]
[Site "Shanghai"]
[Date "2000.03.08"]
[Round "6"]
[White "Filippov, Valerij"]
[Black "Yin, Hao"]
[Result "1-0"]
[WhiteElo "2584"]
[BlackElo "2496"]
[Annotator "Alterman,B"]
[PlyCount "111"]
[EventDate "2000.03.03"]
[EventType "tourn"]
[EventRounds "13"]
[EventCountry "CHN"]
[EventCategory "13"]
[SourceTitle "CBM 076"]
[Source "ChessBase"]
[SourceDate "2000.05.31"]
[SourceVersion "1"]
[SourceVersionDate "2000.05.31"]
[SourceQuality "1"]

1. c4 Nf6 2. Nc3 c5 3. Nf3 d5 4. cxd5 Nxd5 5. d4 e6 6. e4 cxd4 7. Qxd4 Nc6 8.
Bb5 Nxc3 9. Bxc6+ bxc6 10. Qxc3 Qb6 11. O-O Qc5 $146 (11... Ba6 12. Be3 Qc7 13.
Rfc1 Bb7 14. Re1 f6 15. Nd4 Qe5 16. Qb3 Bc8 17. Nxc6 Qxe4 18. Nxa7 Bb7 19. Qb5+
Kf7 20. f3 Qd5 {1-0 Weischedel,H-Baumann,I/Germany 1993/EXT 98 (31)}) 12. Qb3
Qb6 13. Be3 $5 {Interesting attemp, after exchanging the queens white has a
strong pressure on the queenside.} (13. Qc3 Bb7 14. Be3 c5) 13... Qxb3 14. axb3
{[%csl Ra7]} a6 15. Ne5 Bb7 16. Rfd1 {[%cal Gd1d7]} Be7 17. Rd7 (17. Rac1 $5
Rc8 18. Rd7 Bf6 19. Rxb7 Bxe5 20. Bc5 $1 $16) 17... Bf6 18. Rxb7 Bxe5 19. f4
Rb8 $6 {[%mdl 16384] Better was to play} (19... Bxb2 20. Ra2 Bf6 21. e5 Be7 22.
Rc2 $14 {with an advantage for white.}) 20. Ra7 Bd6 (20... Bxb2 21. Rb1 Bf6 22.
Rxa6 $16) 21. e5 Bb4 22. R1xa6 $18 c5 23. Kf2 O-O 24. Ke2 {Black's position is
very passive and probably loosing.} h5 25. Rc6 Rb5 (25... Rfc8 26. Rcc7 $18)
26. Rcc7 g5 $2 {[%mdl 8192]} 27. fxg5 Kg7 28. h4 {Now white gets another pawn,
the rest is easy.} Kg6 29. g3 Rbb8 30. Ra1 Rbc8 31. Rxc8 Rxc8 32. Rf1 Ra8 33.
Kd3 Ra2 34. Kc2 Ra6 35. Rf6+ Kg7 36. Rf4 (36. Rh6 Be1 37. Bf4 Bf2 $1 {[%cal
Gf2d4,Ga6a1,Ra1g1]}) 36... Be1 37. g4 hxg4 38. Rxg4 Kg6 39. Bxc5 Rc6 40. Rc4
Bxh4 41. b4 Bxg5 42. b5 Rc7 43. b6 Rb7 44. Ra4 Rb8 45. Rb4 Rb7 46. Kd3 Kf5 47.
Ra4 Kxe5 48. Ra7 Rb8 49. Rd7 Kf6 50. b7 Bf4 51. Ke4 Bh2 52. Bd4+ e5 (52... Kg6
53. Be5 Bxe5 54. Kxe5 f5 55. Kd6 $18) 53. Ba7 Ke6 54. Bxb8 f5+ 55. Ke3 Kxd7 56.
Bd6 1-0

[Event "AUT-chT 9798"]
[Site "Austria"]
[Date "1998.03.08"]
[Round "11"]
[White "Nielsen, Peter Heine"]
[Black "Atlas, Valeri"]
[Result "1/2-1/2"]
[WhiteElo "2505"]
[BlackElo "2465"]
[Annotator "Atlas,V"]
[PlyCount "54"]
[EventDate "1997.10.12"]
[EventType "team-tourn"]
[EventRounds "11"]
[EventCountry "AUT"]
[SourceTitle "CBM 063"]
[Source "ChessBase"]
[SourceDate "1998.03.26"]
[SourceVersion "1"]
[SourceVersionDate "1998.03.26"]
[SourceQuality "1"]
[WhiteTeam "Fuerstenfeld"]
[BlackTeam "Hohenems"]
[WhiteTeamCountry "AUT"]
[BlackTeamCountry "AUT"]

1. c4 c5 2. Nf3 b6 3. Nc3 Bb7 4. e4 d6 5. d4 cxd4 6. Nxd4 Nf6 7. Qe2 e6 8. g4
Nc6 9. Nxc6 (9. Be3 $2 Nxd4 10. Bxd4 e5 11. Be3 Nxe4 12. Nxe4 Bxe4 13. Bxb6
Qxb6 14. Qxe4 Rb8 15. b3 Qa5+) 9... Bxc6 10. g5 ({Besides this natural advance,
White has some important alternatives:} 10. Bg2 Be7 11. O-O Nd7 12. Rd1 O-O 13.
Nb5 Bxb5 14. cxb5 e5 15. b4 Re8 16. Bb2 Rc8 17. Rac1 Rxc1 18. Rxc1 Nf8 19. Qc4
Bh4 20. Qc7 Qg5 21. Qxd6 Qxg4 22. Qd1 Qf4 {1/2-1/2 Mateo,R-Lebredo,G/Bayamo
1984 (42)}) (10. Bf4 e5 11. Be3 Be7 12. f3 Nd7 13. O-O-O O-O 14. h4 a6 15. g5
b5 16. Nd5 bxc4 17. Qxc4 Bxd5 18. Qxd5 Nc5 19. Bxc5 Qc7 20. Kb1 dxc5 21. Qd7
Rfc8 22. Bc4 Qxd7 23. Rxd7 Kf8 24. Bd5 {Razuvaev,Y-Poluljahov,A/Cappelle op
1995/1-0 (47)}) 10... Nd7 11. Bf4 $6 ({Now this maneuver proves inefficient.
Better was} 11. Bg2 Be7 12. h4 $13) 11... Be7 12. h4 a6 13. O-O-O Qc7 {[%csl
Rc4][%cal Gd7e5,Ge5c4,Gc6b7,Gb6b5,Gc7c1] Just in time!} 14. h5 Ne5 (14... b5
15. Bh3 {could lead to the transposition.}) 15. Bh3 (15. Kb1 {is met by} b5 $5
$132 (15... Bb7 {/\Rc8, b6-b5<=>})) 15... b5 $1 (15... g6 $5 {deserved
attention:} 16. Bg4 $5 O-O-O $13 {Still, the text move is the best
continuation, yielding Black dangerous initiative.}) 16. g6 hxg6 17. Bxe5 dxe5
18. hxg6 b4 $6 ({This move allows White to equalize. Better was} 18... Rh6 $1
19. gxf7+ (19. Bxe6 $2 fxe6 20. Rxh6 Bg5+ $19) 19... Kxf7 {/\Rah8=/+,[+] <->h})
19. Bxe6 $1 ({The strongest reponse. Black has a superior position after} 19.
gxf7+ Kxf7 20. Nb1 Rh6 $15) 19... Bg5+ (19... Rxh1 $6 20. Bxf7+ Kf8 21. Rxh1
Bg5+ 22. Kb1 bxc3 23. Rh8+ Ke7 24. Rxa8 Bxa8 25. Qg4) 20. Kc2 Rxh1 21. Bxf7+ (
21. gxf7+ Ke7 22. Rd7+ Qxd7 23. Bxd7 Bxd7 $17 (23... bxc3 $6 24. Bxc6 $40))
21... Ke7 22. Rxh1 bxc3 23. Qg4 Bh6 ({Alas,} 23... Kd6 $2 {is refuted by} 24.
Rd1+ $1 (24. Qxg5 $2 Bxe4+ 25. Kxc3 Qa5+ $19) 24... Kc5 25. Qxg5 Bxe4+ 26. Kc1
cxb2+ 27. Kxb2 Qb6+ 28. Ka1 $19) 24. Qe6+ Kf8 25. Qf5 ({White has no better
move.} 25. Rxh6 gxh6 26. Qf6 {loses after} Bxe4+ 27. Kxc3 Qa5+ 28. b4 Qa3+ 29.
Kd2 Qb2+ 30. Ke3 Qd4+ 31. Ke2 Bd3+ 32. Kd2 (32. Ke1 Qe4+ 33. Kd2 Qe2+ 34. Kc3
Qc2#) 32... Bxg6+ $19) 25... Ke7 {Black also cannot avoid a draw by repetition.
} (25... Qd6 {fails to} 26. Bd5+ Ke7 27. Qf7+ Kd8 28. Rxh6 (28. Rd1) 28... gxh6
29. g7) 26. Qe6+ Kf8 27. Qf5 Ke7 1/2-1/2

[Event "EU-chT (Men) 12th"]
[Site "Batumi"]
[Date "1999.11.29"]
[Round "1.2"]
[White "Mikhalchishin, Adrian"]
[Black "Avrukh, Boris"]
[Result "1/2-1/2"]
[WhiteElo "2552"]
[BlackElo "2588"]
[Annotator "Avrukh,B"]
[PlyCount "68"]
[EventDate "1999.11.06"]
[EventType "team-swiss"]
[EventRounds "9"]
[EventCountry "GEO"]
[SourceTitle "CBM 074"]
[Source "ChessBase"]
[SourceDate "2000.02.01"]
[SourceVersion "1"]
[SourceVersionDate "2000.02.01"]
[SourceQuality "1"]
[WhiteTeam "Slovenia"]
[BlackTeam "Israel"]
[WhiteTeamCountry "SLO"]
[BlackTeamCountry "ISR"]

1. Nf3 c5 2. c4 Nc6 3. Nc3 e5 4. e3 Nf6 5. d4 cxd4 6. exd4 e4 7. Ne5 Bd6 (7...
Bb4 {the most popular continuation in this position.}) 8. f4 (8. Bf4 $6 Qe7 9.
c5 Bb8 10. Nb5 O-O (10... Nxe5 11. Nd6+ Bxd6 12. cxd6 Qxd6 13. dxe5 Qxd1+ 14.
Rxd1 $36) 11. Nd6 e3 $1 (11... Nd5 $5) 12. fxe3 Bxd6 13. cxd6 Qxd6 $17 {
[%csl Ge1]} 14. a3 $2 Nd5 15. Nxf7 Qe7 $19 {0-1 Maksimenko,A-Hoffmann,A/
Werther GER 1999 (17)}) 8... O-O (8... Bc7 9. Be2 d6 10. Nxc6 bxc6 11. O-O O-O
12. b4 Bd7 13. a4 Re8 14. Be3 {and white prospect is clearly better . 0-1
Franco,Z-Izeta Txabarri,F/San Sebastian 1993/TD (30)}) 9. Be2 b6 $1 $146 {
I think this move is strong improvement in this line,which was counted, like a
bit passive for black.} (9... Bc7 10. Be3 d6 (10... Ne7 $5) 11. Nxc6 bxc6 12.
O-O d5 13. c5 a5 $6 (13... g6 $142 14. b4 h5 15. h3 $14) 14. a3 Ba6 15. Bxa6
Rxa6 16. Rb1 $16 {[%cal Gb2b4] 1-0 Franco,Z-Matamoros Franco,C/Sevilla 1994/TD
(40)}) 10. Be3 (10. O-O $2 Nxd4 $1 11. Qxd4 Bc5) 10... Ne7 {[%cal Ge7f5]} 11.
O-O (11. g4 Bb4 {[%cal Gd7d6]} 12. Qb3 (12. g5 Bxc3+ 13. bxc3 Ne8 $15) 12...
Bxc3+ 13. Qxc3 d6 14. g5 Ne8 (14... Nfd5 $5 15. cxd5 Nxd5 16. Qb3 dxe5 17. dxe5
Bb7 18. Rd1 Qd7 $13) 15. Ng4 $13) 11... Nf5 12. Bf2 Bb4 13. Rc1 (13. g4 Bxc3
14. bxc3 e3 15. Be1 (15. gxf5 $2 exf2+ 16. Rxf2 Ne4 17. Rf3 d6 $17) 15... Ne7
16. g5 Ne4 17. Qd3 f5 18. Qxe3 Ba6 $44 {[%csl Gc4][%cal Gd7d6]}) 13... Bb7 14.
a3 Bxc3 15. Rxc3 Re8 {A little bit risky move,more easy was:} (15... d6 $142
16. Ng4 Nxg4 (16... Re8 17. Ne3 $14) 17. Bxg4 Qf6 $11) 16. Re1 (16. g4 $1 {
was very principial continuation} e3 $1 (16... Ne7 17. g5) 17. Be1 Ne7 (17...
Ne4 $2 18. gxf5 Nxc3 19. Bxc3 d6 20. Nf3 Qd7 (20... Be4 21. d5 Bxf5 22. Nd4 $16
) 21. d5 Qxf5 22. Nd4 $16 {[%cal Gf1f3,Gf3g3]}) 18. Rxe3 d6 19. Nd3 b5 $1 (
19... d5 20. Bf3 dxc4 21. Bxb7 Rb8 22. Bf3 cxd3 23. Qxd3 Nfd5 24. Re4 $16) 20.
b3 bxc4 21. bxc4 Qc7 $44 {for example} 22. f5 (22. Bh4 $5) 22... Nc6 23. Rxe8+
Rxe8 24. Nf4 Nxd4 $1 25. Qxd4 Rxe2 26. Nxe2 Qc6 {[%cal Gc6h1]} 27. Nf4 Qh1+ 28.
Kf2 Qf3+ $11) 16... Rc8 (16... d6 17. Ng4 Nxg4 18. Bxg4 Qf6 $11) 17. d5 e3 $1 (
17... b5 $6 18. Bxa7 bxc4 19. Bxc4 Qa5 20. Bf2 $16) 18. Bxe3 d6 (18... Nxd5 19.
cxd5 Rxc3 20. bxc3 Nxe3 21. Qd2 Nxd5 22. Bc4 Qc8 $1 23. Qd4 $1 d6 24. Bxd5 dxe5
25. Rxe5 Rxe5 26. fxe5 $11 {I found this drawing line and decided to keep
fighting.}) 19. Bg4 Nxg4 (19... Nxe3 20. Rcxe3 dxe5 (20... Rc7 $6 21. Nc6 Bxc6
22. dxc6 Rxe3 23. Rxe3 Rxc6 24. Be2 $14 {[%csl Gd6]}) 21. Bxc8 Qxc8 22. fxe5 (
22. Rxe5 b5 $5) 22... Ng4 23. Re4 Qc5+ 24. Qd4 Qxd4+ 25. Rxd4 Nxe5 26. Rc1 $1 {
[%cal Gc4c5]} Rc8 27. b4 Nd7 {[%cal Gg8f8,Gf8e7,Ge7d6]} 28. c5 $1 bxc5 29. bxc5
Rxc5 30. Rxc5 Nxc5 31. Rb4 {[%cal Gb4b5]} (31. Rc4 Na6 32. d6 Kf8 $17) 31... a6
$8 32. Rc4 Nb3 33. Rc7 Na5 34. Rc5 Nb3 35. Rc7 $11) 20. Nxg4 h5 21. Nf2 Nxe3 (
21... Rxc4 $2 22. Rxc4 Nxe3 23. Qa4 $1 $16 (23. Qe2 Ba6 $1)) 22. Rcxe3 Rxe3 23.
Rxe3 Rxc4 24. Qxh5 Rc1+ (24... g6 $5 25. Qe2 Qc7 $11) 25. Nd1 g6 26. Qe2 Qf6
$44 27. Qd2 Rc4 $1 $11 28. g3 (28. Nc3 $6 Rxf4 29. Re1 Ba6 $15) 28... Qd4 29.
Qxd4 Rxd4 30. Nc3 Bxd5 31. Nxd5 (31. Re7 Be6 32. Rxa7 Rd2 $11) 31... Rxd5 32.
Kf2 Rd2+ 33. Re2 Rd3 34. Re3 Rd2+ 1/2-1/2

[Event "YUG-chT"]
[Site "Igalo"]
[Date "1994.??.??"]
[Round "2"]
[White "Damljanovic, Branko"]
[Black "Rajkovic, Dusan"]
[Result "1-0"]
[WhiteElo "2560"]
[BlackElo "2475"]
[Annotator "Belov,I"]
[PlyCount "83"]
[EventDate "1994.??.??"]
[EventType "team"]
[EventRounds "9"]
[EventCountry "YUG"]
[SourceTitle "EXT 2000"]
[Source "ChessBase"]
[SourceDate "1999.11.16"]
[SourceVersion "1"]
[SourceVersionDate "1999.11.16"]
[SourceQuality "1"]

1. Nf3 Nf6 2. c4 b6 3. Nc3 c5 4. e4 d6 (4... Nc6 5. d4 cxd4 6. Nxd4 Bb7 7. f3
Qb8 (7... e6 8. Be3 Bc5 9. Qd2 O-O 10. O-O-O Qb8 11. Be2 Rd8 12. Bf4 $1 $16 {
Karpov,A-Adams,M/Dos Hermanas/1:0 (41)}) 8. Be3 e6 9. Qd2 Be7 10. g4 O-O 11.
O-O-O Rc8 12. g5 Ne8 13. Nxc6 Bxc6 14. Kb1 a6 15. h4 $14 {Hansen,Cu-Ftacnik,L/
Groningen/1991/1:0 (37)}) 5. d4 cxd4 6. Nxd4 Bb7 7. Qe2 $1 (7. f3 e6 8. Be2 Be7
9. O-O O-O 10. Be3 Nbd7 $10) (7. Bd3 $5 e6 8. O-O Be7 9. Be3 O-O $14) 7... e6 (
7... Nbd7 8. g3 Rc8 9. Bg2 a6 10. O-O Qc7 11. b3 e6 12. Nd5 $1 $16 {Kasparov,
G-Salov,V/Barselona/1989/1:0 (29)}) 8. g4 $5 (8. g3 Nc6 $5 9. Nxc6 Bxc6 10. Bg2
Be7 11. O-O Nd7 12. Re1 Bb7 13. e5 Bxg2 14. exd6 Bxd6 15. Kxg2 $10 {Kramnik,
V-Adams,M/Groningen/1993/}) 8... Nc6 (8... Be7 9. g5 Nfd7 10. h4 Nc6 11. Nxc6
Bxc6 12. Bf4 a6 13. O-O-O Qc7 14. Kb1 Bb7 15. h5 $16 {Vera,R-Lebredo,G/Managua/
1982/}) 9. Nxc6 Bxc6 10. Bg2 Be7 11. O-O (11. e5 $1 Bxg2 12. exf6 $16) 11...
Nd7 (11... Rc8 12. Bf4 a6 13. Rfd1 Qc7 14. e5 $1 dxe5 15. Bxe5 Qb7 16. Nd5 $1
$16 {Cvetkovic,S-Velikovic,S/JUG/1981/}) 12. f4 (12. Be3 $6 g5 $1 13. f4 gxf4
14. Bxf4 Ne5 $15) 12... O-O (12... h6 $5) 13. g5 $14 Re8 14. h4 a6 15. Be3 Qb8
16. a4 $5 Qc7 (16... Qb7 $6 17. b4 Qc7 18. Rfc1 $16) 17. Rfc1 $10 Bb7 (17...
Nc5 $5 18. Qc2 (18. Nd5 Qb7 $1 19. Nxe7+ Rxe7 $15) 18... a5 $14) 18. Rab1 $1
$14 Rac8 19. b3 Qb8 20. Qg4 (20. h5 $5) (20. Nd1 b5 $132) 20... Bf8 21. h5 Qc7
(21... Bc6 $142) 22. Nd1 $1 Nc5 23. Nf2 a5 24. Rd1 Rcd8 25. Bf3 Bc6 $1 26. Qg2
Qb7 27. Bxc5 $5 bxc5 $6 (27... dxc5 28. Ng4 Rd4 29. Rxd4 cxd4 30. h6 Rd8 $132)
28. Ng4 e5 $6 29. f5 $18 Kh8 30. Kf2 (30. h6 g6 31. Nf6 Re7 $16) 30... Rb8 31.
f6 Red8 32. fxg7+ Bxg7 33. Ne3 Bf8 34. Nf5 Bd7 (34... Qc7 35. g6 $18) 35. Rd3 (
35. Nxd6 Bxd6 36. Rxd6 Bh3 37. Qg3 Rxd6 38. Qxe5+ $18) (35. g6 $6 Bxf5 36. exf5
Qe7 $16) 35... Re8 (35... Bxa4 36. g6 $18) (35... Be6 $5) 36. Nxd6 Bxd6 37.
Rxd6 Bxa4 38. g6 Qe7 (38... fxg6 39. hxg6 Rg8 40. Qh2 Qe7 41. Rh1 $18) 39. Rd3
Bd7 40. Rg1 Be6 $2 (40... f6 $16) 41. gxf7 Qxf7 42. Qg5 1-0

[Event "Varna-16"]
[Site "Varna"]
[Date "1977.05.22"]
[Round "10"]
[White "Boensch, Uwe"]
[Black "Pinter, Jozsef"]
[Result "1-0"]
[WhiteElo "2440"]
[BlackElo "2445"]
[Annotator "Boensch,U"]
[PlyCount "87"]
[EventDate "1977.05.10"]
[EventType "tourn"]
[EventRounds "13"]
[EventCountry "BUL"]
[EventCategory "6"]
[SourceTitle "EXT 2014"]
[Source "ChessBase"]
[SourceDate "2013.11.20"]
[SourceVersion "1"]
[SourceVersionDate "2013.11.20"]
[SourceQuality "1"]

{SCHACH 8/1977 Seite 356} 1. Nf3 c5 2. c4 Nf6 3. Nc3 d5 4. cxd5 Nxd5 5. Qb3 {
Ein seltener Zug, der von dem üblichen Eröffnungsschema g3/Lg2 usw. abweicht.}
Nc7 6. e3 Nc6 7. d4 $1 e6 ({Die Annahme des Bauernopfers wäre riskant, z.B.} 
7... cxd4 8. exd4 Nxd4 9. Nxd4 Qxd4 10. Be3 Qe5 11. O-O-O) 8. a3 Be7 {Auch
jetzt ist das Schlagen des Bauern d4 ein waghalsiges Unternehmen.} 9. dxc5 Bxc5
10. Qc4 $1 Be7 11. b4 Bf6 12. Bb2 O-O 13. Be2 Bd7 14. O-O Rc8 15. Qb3 {Wegen
des schlechten Läufers auf d7 hat Weiß das bequemere Spiel.} Qe7 16. Nd2 Ne8
17. Nde4 Be5 18. Rfd1 Nf6 19. Nxf6+ Bxf6 20. Ne4 Bxb2 21. Qxb2 Nb8 22. Nd6 Rc7
23. b5 Rd8 24. Bf3 b6 25. g3 Be8 26. Qb4 Rcd7 27. Nxe8 Qxe8 28. Rxd7 Qxd7 29.
Rc1 {Die aktivere Stellung aller Figuren sichert dem Weißen einen dauerhaften
Vorteil.} Rc8 30. Rxc8+ Qxc8 31. Qd6 $1 g6 {[#]} ({Auf} 31... Nd7 {wäre} 32.
Qc6 $1 {sehr stark.}) 32. Bc6 $1 {Jetzt ist Schwarz völlig hilflos und nur zum
Hin- und Herziehen verurteilt.} a6 33. a4 axb5 34. axb5 Kg7 $2 {Ein grober
Fehler. Jedoch ist es schwer, einen vernünftigen Zug zu finden.} 35. Qd4+ Kh6
36. Qh4+ Kg7 37. Qd4+ Kh6 38. Qxb6 e5 39. Kg2 Qh8 40. Qc7 f5 41. h4 g5 42. Qd6+
Kh5 43. Qe7 gxh4 44. Be8+ 1-0